Подробности
| 000 -МАРКЕР |
| контрольное поле |
01637nam2a22002531 4500 |
| 001 - ИДЕНТИФИКАТОР ЗАПИСИ |
| контрольное поле |
rc\3818472 |
| 005 - ИДЕНТИФИКАТОР ВЕРСИИ |
| контрольное поле |
20260407131039.0 |
| 021 ## - НОМЕР ГОСУДАРСТВЕННОЙ РЕГИСТРАЦИИ |
| Код страны |
Российская Федерация |
| Номер |
[75-54885] |
| 035 ## - ДРУГИЕ СИСТЕМНЫЕ НОМЕРА |
| Идентификатор записи |
(NLR Aleph) 007274768 |
| 100 ## - ДАННЫЕ ОБЩЕЙ ОБРАБОТКИ |
| Данные общей обработки |
20120410d1975 |||y0rusy50 ca |
| 101 0# - ЯЗЫК РЕСУРСА |
| Язык текста, звукозаписи и т.д. |
русский |
| 102 ## - СТРАНА ПУБЛИКАЦИИ ИЛИ ПРОИЗВОДСТВА |
| Страна публикации |
Российская Федерация |
| -- |
Российская Федерация |
| 105 ## - ПОЛЕ КОДИРОВАННЫХ ДАННЫХ: ТЕКСТОВЫЕ МАТЕРИАЛЫ, МОНОГРАФИЧЕСКИЕ |
| Кодированные данные о монографическом текстовом документе |
a z ||||| |
| 200 1# - ЗАГЛАВИЕ И СВЕДЕНИЯ ОБ ОТВЕТСТВЕННОСТИ |
| Основное заглавие |
Санитарно-техническое и отопительное оборудование |
| Сведения, относящиеся к заглавию |
[Альбом] |
| Первые сведения об ответственности |
Госстрой СССР. Центр. науч.-исслед. и проектно-эксперим. ин-т организации, механизации и техн. помощи стр-ву "ЦНИИОМТП". Бюро внедрения |
| 210 ## - ПУБЛИКАЦИЯ, РАСПРОСТРАНЕНИЕ И ДР. |
| Дата издания, распространения и т.д. |
1975 |
| Место издания, распространения и т.д. |
Б. м. |
| 215 ## - ФИЗИЧЕСКАЯ ХАРАКТЕРИСТИКА |
| Специфическое обозначение материала и объем |
31 с. |
| Другие сведения о физической характеристике |
черт. |
| 461 #0 - УРОВЕНЬ НАБОРА |
| Встроенное поле |
001rc\2653685 |
| -- |
2001#$vВып. 5 |
| Системный номер (АБИС) связанной записи |
5344354 |
| Автор |
Куйбышевское краевое земельное управление |
| Место публикации |
[Самара] |
| Дата публикации |
[1931] |
| Имя издателя, распространителя и т.д. |
Б. и. |
| Сведения, относящиеся к заглавию |
Основные итоги развития сельского хозяйства в истекшие два года пятилетки и задачи весенней посевной кампании 1931 года |
| Физическая характеристика |
8 с. |
| Заглавие |
Тезисы доклада Крайзу на 2-м краевом съезде советов |
| Номер тома |
Вып. 5 |
| 712 02 - НАИМЕНОВАНИЕ ОРГАНИЗАЦИИ - ВТОРИЧНАЯ ОТВЕТСТВЕННОСТЬ |
| Начальный элемент ввода |
Научно-исследовательский и проектно-эксперим. ин-т организации, механизации и техн. помощи строительству |
| Идентифицирующий признак |
Москва |
| Идентификатор авторитетной/нормативной записи |
RU\NLR\AUTH\8810077052 |
| Системный номер авторитетной/нормативной записи |
656291 |
| 801 #0 - ИСТОЧНИК ЗАПИСИ |
| Страна |
Российская Федерация |
| Организация |
NLR |
| Правила каталогизации |
psbo |
| 801 #1 - ИСТОЧНИК ЗАПИСИ |
| Страна |
Российская Федерация |
| Организация |
ELAR |
| Источник данных |
rusmarc |
| 852 ## - МЕСТОНАХОЖДЕНИЕ И ШИФР ХРАНЕНИЯ |
| Идентификатор организации |
NLR |
| Шифр хранения (Call Number) |
75-8/782 |
| 942 ## - ДОПОЛНИТЕЛЬНЫЕ ЭЛЕМЕНТЫ ЗАПИСИ (АБИС) |
| Тип экземпляра АБИС |
Книга |
| 980 ## - КОЛЛЕКЦИЯ |
| Название коллекции |
Национальная библиография |